Groups of Things: Jujutsu Kaisen - Statistics

General Stats
  • This quiz has been taken 952 times
  • The average score is 22 of 47
Answer Stats
Answer Hint % Correct
Satoru Gojo Special-grade sorcerer
98%
Satoru Gojo Tokyo school staff
98%
Suguru Geto Special-grade sorcerer
88%
Suguru Geto Geto's group
88%
Yuji Itadori Tokyo school 1st-year
85%
Megumi Fushiguro Tokyo school 1st-year
78%
Maki Zen'in Tokyo school 2nd-year
77%
Panda Tokyo school 2nd-year
77%
Mai Zen'in Kyoto school 2nd-year
73%
Toge Inumaki Tokyo school 2nd-year
72%
Aoi Todo Kyoto school 3rd-year
71%
Nobara Kugisaki Tokyo school 1st-year
71%
Yuta Okkotsu Special-grade sorcerer
69%
Yuta Okkotsu Tokyo school 2nd-year
69%
Mahito Unregistered special grade curse
68%
Jogo Unregistered special grade curse
67%
Hanami Unregistered special grade curse
60%
Divine General Mahoraga 10 shadows
57%
Kinji Hakari Tokyo school 3rd-year
54%
Masamichi Yaga Tokyo school staff
51%
Kokichi Muta Kyoto school 2nd-year
50%
Dagon Unregistered special grade curse
49%
Kasumi Miwa Kyoto school 2nd-year
49%
Nue 10 shadows
45%
Noritoshi Kamo Kyoto school 3rd-year
44%
Yuki Tsukumo Special-grade sorcerer
43%
Nanami Kento Tokyo school staff
41%
Divine Dogs 10 shadows
35%
Miguel Geto's group
32%
Kiyotaka Ijichi Tokyo school staff
29%
Shoko Ieri Tokyo school staff
28%
Utahime Iori Kyoto school staff
28%
Max Elephant 10 shadows
27%
Momo Nishimiya Kyoto school 3rd-year
26%
Rabbit Escape 10 shadows
23%
Arata Nitta Kyoto school 1st-year
22%
Akari Nitta Tokyo school staff
21%
Kirara Hoshi Tokyo school 3rd-year
21%
Toad 10 shadows
21%
Atsuya Kusakabe Tokyo school staff
20%
Great Serpent 10 shadows
15%
Larue Geto's group
11%
Mimiko Hasaba Geto's group
11%
Nanako Hasaba Geto's group
11%
Manami Suda Geto's group
7%
Toshihisa Negi Geto's group
5%
Yoshinobu Gakukanji Kyoto school staff
5%
No matching quizzes found
Score Distribution
Percent of People with Each Score
Percentile by Number Answered
Your Score History
You have not taken this quiz